Microcontroller: Theory and Applications / (Record no. 416)

000 -LEADER
fixed length control field 00484 a2200169 4500
008 - FIXED-LENGTH DATA ELEMENTS--GENERAL INFORMATION
fixed length control field 221215b ||||| |||| 00| 0 eng d
020 ## - INTERNATIONAL STANDARD BOOK NUMBER
International Standard Book Number 9780070585959
082 00 - DEWEY DECIMAL CLASSIFICATION NUMBER
Classification number 004.165
Item number D456
100 ## - MAIN ENTRY--PERSONAL NAME
Personal name Deshmukh, Ajay V.
9 (RLIN) 5394
245 ## - TITLE STATEMENT
Title Microcontroller: Theory and Applications /
250 ## - EDITION STATEMENT
Edition statement 2nd ed.
260 ## - PUBLICATION, DISTRIBUTION, ETC. (IMPRINT)
Place of publication, distribution, etc New Delhi:
Name of publisher, distributor, etc McGraw Hill,
Date of publication, distribution, etc 2016.
300 ## - PHYSICAL DESCRIPTION
Extent xix, 334 p.
490 0# - SERIES STATEMENT
Series statement Computer Engineering Series
650 #0 - SUBJECT ADDED ENTRY--TOPICAL TERM
Topical term or geographic name as entry element Microcomputers
942 ## - ADDED ENTRY ELEMENTS (KOHA)
Source of classification or shelving scheme
Item type Books
Holdings
Withdrawn status Lost status Source of classification or shelving scheme Damaged status Not for loan Permanent location Current location Date acquired Source of acquisition Cost, normal purchase price Full call number Barcode Date last seen Cost, replacement price Koha item type
          IMU Kolkata IMU Kolkata 2017-03-15 B. Bross & Co. 383.25 004.165 D456 12045 2019-09-26 525.00 Books
          IMU Kolkata IMU Kolkata 2017-03-15 B. Bross & Co. 383.25 004.165 D456 12046 2019-09-26 525.00 Books
          IMU Kolkata IMU Kolkata 2017-03-15 B. Bross & Co. 383.25 004.165 D456 12047 2019-09-26 525.00 Books
          IMU Kolkata IMU Kolkata 2017-03-15 B. Bross & Co. 383.25 004.165 D456 12048 2019-09-26 525.00 Books
          IMU Kolkata IMU Kolkata 2017-03-15 B. Bross & Co. 383.25 004.165 D456 12049 2019-09-26 525.00 Books
Designed and Maintained by IMU-KC Library, Kolkata Campus © Copyright All Rights Reserved

webs counters

Powered by Koha